1938-1948 Les Années de Tourmente de Munich à Prague : (Registro nro. 41878)
[ vista simple ]
| 000 -CABECERA | |
|---|---|
| campo de control de longitud fija | 00682nam a2200169 a 4500 |
| 001 - NÚMERO DE CONTROL | |
| campo de control | 000042389 |
| 005 - FECHA Y HORA DE LA ÚLTIMA TRANSACCIÓN | |
| campo de control | 20201002040125.0 |
| 008 - DATOS DE LONGITUD FIJA--INFORMACIÓN GENERAL | |
| campo de control de longitud fija | 131127s1995 sp a 001 0 spa d |
| 020 ## - NÚMERO INTERNACIONAL ESTÁNDAR DEL LIBRO | |
| Número Internacional Estándar del Libro | 2082115526 |
| 040 ## - FUENTE DE LA CATALOGACIÓN | |
| Centro catalogador/agencia de origen | DO-SdBNP |
| Lengua de catalogación | spa |
| Centro/agencia transcriptor | BNPHU |
| 100 1# - ENTRADA PRINCIPAL--NOMBRE DE PERSONA | |
| Nombre de persona | Azéma, Jean-Pierre |
| 9 (RLIN) | 69491 |
| 245 10 - MENCIÓN DE TÍTULO | |
| Título | 1938-1948 Les Années de Tourmente de Munich à Prague : |
| Resto del título | Dictionnaire critique / |
| Mención de responsabilidad, etc. | Jean-Pierre Azéma, François Bédarida ; avec la collaboration de Charles Robert Ageron ... [et al.]. |
| 260 ## - PUBLICACIÓN, DISTRIBUCIÓN, ETC. | |
| Lugar de publicación, distribución, etc. | France : |
| Nombre del editor, distribuidor, etc. | Flammarion, |
| Fecha de publicación, distribución, etc. | 1995. |
| 300 ## - DESCRIPCIÓN FÍSICA | |
| Extensión | 1137 p. : |
| Otras características físicas | il., retrs ; |
| Dimensiones | 27 cm. |
| Otras características físicas | il., mapas, retrs. ; |
| Dimensiones | 26 cm. |
| 700 1# - PUNTO DE ACCESO ADICIONAL--NOMBRE DE PERSONA | |
| Nombre de persona | Ageron, Charles-Robert |
| 9 (RLIN) | 69492 |
| 700 1# - PUNTO DE ACCESO ADICIONAL--NOMBRE DE PERSONA | |
| Nombre de persona | aBédarida, François |
| 9 (RLIN) | 69493 |
| Estado de retiro | Estado de pérdida | Restricciones de uso | No para préstamo | Código de colección | Localización permanente | Ubicación/localización actual | Ubicación en estantería | Fecha de adquisición | Número de inventario | Total de préstamos | Signatura topográfica completa | Código de barras | Fecha visto por última vez | Precio válido a partir de | Tipo de ítem Koha |
|---|---|---|---|---|---|---|---|---|---|---|---|---|---|---|---|
| Excluido de préstamo | Monografías: Libros y Folletos | General | General | En catalogación | 27.11.2013 | LF1 | 42389-10 | 25.06.2020 | 25.06.2020 | No se presta |
